[Event "Hastings Masters 2022/23"]
[Site "Hastings"]
[Date "2022.12.30"]
[Round "3.31"]
[White "Wilson, Matthew R"]
[Black "Britton, Richard L"]
[Result "0-1"]
[WhiteElo "1722"]
[BlackElo "2091"]
[PlyCount "118"]
[EventDate "2022.12.28"]
[EventType "swiss"]
[EventRounds "10"]
[EventCountry "ENG"]

1. e4 c5 2. Nf3 d6 3. Bb5+ Bd7 4. Bxd7+ Qxd7 5. c4 Nf6 6. Nc3 e6 7. d4 cxd4 8.
Nxd4 Be7 9. Be3 O-O 10. f3 Rc8 11. Qd3 a6 12. O-O Qc7 13. Rac1 Nbd7 14. b3 b6
15. Kh1 Qb7 16. Qe2 Re8 17. Bg1 Bf8 18. Rce1 Rac8 19. Qd2 Qc7 20. Rc1 Nc5 21.
Nc2 Qb7 22. Nb4 Rcd8 23. Rcd1 d5 24. cxd5 Nxb3 25. axb3 Bxb4 26. Qd4 Bxc3 27.
Qxc3 exd5 28. Qd4 Qb8 29. Qxb6 dxe4 30. fxe4 Qxb6 31. Bxb6 Rxd1 32. Rxd1 Nxe4
33. Rd8 Rxd8 34. Bxd8 f5 35. Kg1 Kf7 36. Ba5 Ke6 37. Kf1 Kd5 38. Ke2 Nc5 39. b4
Nb7 40. Bc7 Kc4 41. Ke3 Kxb4 42. Kf4 Kc5 43. Kxf5 Kd5 44. h4 a5 45. Be5 Nd6+
46. Kf4 g6 47. Ba1 Nf7 48. g4 a4 49. h5 a3 50. hxg6 hxg6 51. Bg7 a2 52. Ba1 Kc4
53. Ke4 Kb3 54. Kd5 Nh6 55. Ke6 Nxg4 56. Kf7 Kc2 57. Kxg6 Kb1 58. Bg7 Nf2 59.
Kf5 Nd3 0-1

[Event "Hastings Masters 2022/23"]
[Site "Hastings"]
[Date "2022.12.30"]
[Round "3.32"]
[White "Golding, James"]
[Black "Banerjee, Supratit"]
[Result "1-0"]
[WhiteElo "2089"]
[BlackElo "1541"]
[PlyCount "109"]
[EventDate "2022.12.28"]
[EventType "swiss"]
[EventRounds "10"]
[EventCountry "ENG"]

1. d4 Nf6 2. c4 e6 3. Nf3 d5 4. Nc3 Be7 5. Bg5 b6 6. cxd5 exd5 7. e3 Bb7 8. Bd3
Nbd7 9. O-O O-O 10. Rc1 Rc8 11. Qe2 Ne4 12. Bxe7 Nxc3 13. Bxh7+ Kh8 14. Rxc3
Qxe7 15. Bf5 g6 16. Bxd7 Qxd7 17. Rfc1 Kg7 18. Qc2 Qe6 19. Qa4 a5 20. Rxc7 Qf5
21. Qd1 Ba6 22. h3 Rxc7 23. Rxc7 Rc8 24. Qc1 Rxc7 25. Qxc7 Qb1+ 26. Kh2 Qxb2
27. Kg3 Qb1 28. Qe5+ Kg8 29. Qxd5 Qb5 30. Qxb5 Bxb5 31. Nd2 Kg7 32. e4 Kf6 33.
Kf4 a4 34. d5 Bd3 35. Ke3 Bc2 36. Nc4 Bd1 37. Kd2 b5 38. Kxd1 bxc4 39. Kc2 Ke5
40. Kc3 f5 41. exf5 gxf5 42. Kxc4 Kd6 43. h4 a3 44. h5 f4 45. h6 f3 46. gxf3
Ke5 47. h7 Kf4 48. h8=Q Kxf3 49. d6 Kxf2 50. d7 Ke3 51. d8=R Ke4 52. Qf6 Ke3
53. Re8+ Kd2 54. Qf2+ Kc1 55. Re1# 1-0

[Event "Hastings Masters 2022/23"]
[Site "Hastings"]
[Date "2022.12.30"]
[Round "3.33"]
[White "Latzke, Boris"]
[Black "Dewangan, Aayush"]
[Result "1-0"]
[WhiteElo "2194"]
[BlackElo "1472"]
[PlyCount "95"]
[EventDate "2022.12.28"]
[EventType "swiss"]
[EventRounds "10"]
[EventCountry "ENG"]

1. d4 Nf6 2. c4 g6 3. Nc3 d5 4. Nf3 Bg7 5. Qb3 c6 6. cxd5 Nxd5 7. e4 Nb6 8. Be2
O-O 9. Be3 Be6 10. Qc2 Bc4 11. O-O Qc7 12. Rac1 N8d7 13. Rfd1 Rad8 14. Bg5 Rfe8
15. Bxc4 Nxc4 16. Qe2 Ncb6 17. d5 Nf6 18. h3 Qc8 19. a4 h5 20. a5 Na8 21. Bf4
Nd7 22. Nb5 b6 23. Nxa7 Qb7 24. Nxc6 Rc8 25. a6 Qxc6 26. dxc6 Nc5 27. b4 Na4
28. Be5 f6 29. Ba1 Bh6 30. Qa2+ Kg7 31. Qxa4 Bxc1 32. Rxc1 Rc7 33. b5 Rd8 34.
Ng5 Rd6 35. Qb3 e5 36. Ne6+ Rxe6 37. Qxe6 Rf7 38. Bxe5 fxe5 39. Qxe5+ Kh6 40.
Qh8+ Kg5 41. Qxa8 h4 42. Qd8+ Kf4 43. Rd1 g5 44. Rd3 g4 45. Qd6+ Kxe4 46. Re3+
Kf5 47. Re5+ Kf4 48. Qd4# 1-0

[Event "Hastings Masters 2022/23"]
[Site "Hastings"]
[Date "2022.12.30"]
[Round "3.34"]
[White "Wilks, Simon"]
[Black "Flynn, David"]
[Result "1-0"]
[WhiteElo "2072"]
[BlackElo "1872"]
[PlyCount "117"]
[EventDate "2022.12.28"]
[EventType "swiss"]
[EventRounds "10"]
[EventCountry "ENG"]

1. e4 c5 2. Nf3 Nc6 3. Bb5 g6 4. O-O Bg7 5. Re1 Nf6 6. e5 Nd5 7. Nc3 Nc7 8.
Bxc6 dxc6 9. Ne4 Ne6 10. d3 h6 11. Be3 b6 12. Qc1 Nd4 13. Nxd4 cxd4 14. Bf4 Be6
15. a3 Qd5 16. b4 O-O-O 17. a4 g5 18. Bg3 Kb7 19. Qa3 Bf5 20. b5 c5 21. a5 Ra8
22. Nd2 h5 23. h4 gxh4 24. Bxh4 Bxe5 25. Qb3 Qxb3 26. Nxb3 f6 27. Nd2 Rh7 28.
Nc4 Bc7 29. Bg3 Bxg3 30. fxg3 Rb8 31. axb6 axb6 32. Ra6 Kc7 33. Ra7+ Rb7 34.
Ra8 Bd7 35. Rb1 h4 36. gxh4 Rxh4 37. Kf2 Be6 38. Re1 Kd7 39. Nd2 Bd5 40. Rea1
Rg4 41. Nf3 e5 42. Rh1 Ke6 43. Re8+ Re7 44. Rhh8 Rgg7 45. Rb8 Rb7 46. Rbe8+
Rbe7 47. Rb8 Rb7 48. Rbe8+ Rge7 49. Ref8 e4 50. dxe4 Bxe4 51. Rh6 Kd5 52. Rfxf6
Bxc2 53. Nd2 Bd3 54. Rd6+ Ke5 55. Nf3+ Ke4 56. Rh4+ Kf5 57. g4+ Kf4 58. g5+ Kf5
59. Rf6# 1-0

[Event "Hastings Masters 2022/23"]
[Site "Hastings"]
[Date "2022.12.30"]
[Round "3.35"]
[White "Howell, Oliver W"]
[Black "Royset, Pal"]
[Result "0-1"]
[WhiteElo "1804"]
[BlackElo "2058"]
[PlyCount "134"]
[EventDate "2022.12.28"]
[EventType "swiss"]
[EventRounds "10"]
[EventCountry "ENG"]

1. Nf3 d5 2. d4 Nf6 3. Bg5 Ne4 4. Bf4 c5 5. e3 Qb6 6. Nc3 Nxc3 7. bxc3 Qa5 8.
Qd2 Nc6 9. Be2 g6 10. O-O Bg7 11. Rfd1 O-O 12. Ne5 Bxe5 13. Bxe5 Rd8 14. Bg3 b6
15. c4 Qxd2 16. Rxd2 dxc4 17. Bxc4 Na5 18. Bb5 Bd7 19. Ba6 Be6 20. Rad1 Bc4 21.
Bxc4 Nxc4 22. Re2 cxd4 23. exd4 e6 24. Bh4 Rd5 25. Bf6 Rc8 26. Rd3 b5 27. c3
Nb6 28. h4 h5 29. Be7 Rd7 30. Bb4 Nd5 31. Rb2 Nb6 32. Bc5 Na4 33. Rbd2 Rcd8 34.
Bb4 Rd5 35. Kf1 Ra8 36. Ke2 a5 37. Bc5 Rc8 38. a3 f6 39. g3 Kf7 40. Kd1 Nxc5
41. dxc5 Rcxc5 42. Kc2 Rxd3 43. Rxd3 Rd5 44. Rf3 e5 45. Kb3 e4 46. Re3 f5 47.
c4 a4+ 48. Kc3 Rc5 49. Kb4 Rxc4+ 50. Kxb5 Rd4 51. Rc3 Kf6 52. Rc6+ Ke5 53. Rxg6
Rd2 54. Kxa4 Rxf2 55. Kb3 e3 56. Kc3 Ra2 57. Kd3 e2 58. Rg8 e1=N+ 59. Ke3 Rxa3+
60. Kf2 Nd3+ 61. Kg2 Nc5 62. Rh8 Ne4 63. Rxh5 Rxg3+ 64. Kf1 Nf6 65. Rh8 Rg8 66.
Rh6 Rg7 67. h5 Rg5 0-1

[Event "Hastings Masters 2022/23"]
[Site "Hastings"]
[Date "2022.12.30"]
[Round "3.36"]
[White "Dette, Jan"]
[Black "Southcott-Moyers, Indy"]
[Result "1/2-1/2"]
[WhiteElo "2037"]
[BlackElo "1870"]
[PlyCount "99"]
[EventDate "2022.12.28"]
[EventType "swiss"]
[EventRounds "10"]
[EventCountry "ENG"]

1. e4 e5 2. Nf3 Nc6 3. Bc4 Bc5 4. c3 Nf6 5. d4 exd4 6. e5 d5 7. Bb5 Ne4 8. cxd4
Bb6 9. Nc3 O-O 10. Be3 Bg4 11. h3 Bh5 12. Qc2 Bg6 13. Qb3 Ne7 14. O-O c6 15.
Bd3 Nd2 16. Nxd2 Bxd3 17. Rfe1 Bg6 18. Na4 Nf5 19. Nf3 Re8 20. Nxb6 Qxb6 21.
Qa3 Qd8 22. Bd2 Nh4 23. Nxh4 Qxh4 24. Qb4 Qe7 25. Qxe7 Rxe7 26. Bb4 Ree8 27.
Bd6 a5 28. a4 Ra6 29. Re3 Rb6 30. b3 Ra6 31. Rc1 Raa8 32. Rc5 Ra6 33. Bc7 Rc8
34. Bd6 Re8 35. g4 h6 36. Kh2 Bb1 37. Rc1 Bg6 38. Kg3 Raa8 39. Rc5 Ra6 40. h4
h5 41. f4 f5 42. g5 Bf7 43. Kf3 g6 44. Re2 Be6 45. Rb2 Rea8 46. Bc7 Rc8 47. Bd6
Rca8 48. Rc1 Kf7 49. Rcb1 Bd7 50. Ke3 1/2-1/2

[Event "Hastings Masters 2022/23"]
[Site "Hastings"]
[Date "2022.12.30"]
[Round "3.37"]
[White "Ruane, Brendan J"]
[Black "Sugden, John N"]
[Result "1-0"]
[WhiteElo "1804"]
[BlackElo "1997"]
[PlyCount "55"]
[EventDate "2022.12.28"]
[EventType "swiss"]
[EventRounds "10"]
[EventCountry "ENG"]

1. e4 c5 2. Nf3 d6 3. d4 cxd4 4. Nxd4 Nf6 5. Nc3 a6 6. Qf3 e6 7. g4 Qb6 8. Nb3
Nc6 9. Be3 Qc7 10. g5 Nd7 11. O-O-O b5 12. Kb1 Bb7 13. Qh3 b4 14. Ne2 Nce5 15.
Bg2 g6 16. Bd4 Nc5 17. Nd2 Rc8 18. f4 Nxe4 19. Nxe4 Qxc2+ 20. Ka1 Bxe4 21. Rc1
Qxe2 22. Rxc8+ Ke7 23. Bxe4 Qxe4 24. Rd1 Qxf4 25. Qg2 Bg7 26. Qb7+ Nd7 27. Bxg7
Rxc8 28. Bf6+ 1-0

[Event "Hastings Masters 2022/23"]
[Site "Hastings"]
[Date "2022.12.30"]
[Round "3.38"]
[White "Norinkeviciute, Rasa"]
[Black "Jakhria, Kushal"]
[Result "0-1"]
[WhiteElo "1969"]
[BlackElo "1726"]
[PlyCount "90"]
[EventDate "2022.12.28"]
[EventType "swiss"]
[EventRounds "10"]
[EventCountry "ENG"]

1. c4 g6 2. Nc3 c5 3. g3 Bg7 4. Bg2 Nc6 5. Nf3 b6 6. d3 Bb7 7. e4 e6 8. O-O
Nge7 9. Ne1 O-O 10. Nc2 Nd4 11. Ne3 a6 12. Rb1 b5 13. a3 b4 14. axb4 cxb4 15.
Ne2 Nxe2+ 16. Qxe2 Nc6 17. b3 Nd4 18. Qd1 a5 19. Nc2 Bc6 20. Nxd4 Bxd4 21. Bb2
Qf6 22. Qe2 Qe5 23. Kh1 a4 24. bxa4 Rxa4 25. f4 Qc5 26. f5 exf5 27. exf5 Ra2
28. f6 d6 29. Qd2 Be3 30. Qc2 Re8 31. Ra1 Ba4 32. Qb1 Rxa1 33. Bxa1 Bc6 34. Qc2
d5 35. h3 Ra8 36. Re1 h6 37. Qe2 d4 38. Bf3 b3 39. Qg2 Ra2 40. Bb2 Bxf3 41.
Qxf3 Rxb2 42. Qa8+ Kh7 43. Qb7 Qf8 44. c5 Rc2 45. Qxb3 Qa8+ 0-1

[Event "Hastings Masters 2022/23"]
[Site "Hastings"]
[Date "2022.12.30"]
[Round "3.39"]
[White "Gorgun, Aliriza Atif"]
[Black "Coote, Trevor D"]
[Result "1-0"]
[WhiteElo "1850"]
[BlackElo "2047"]
[PlyCount "107"]
[EventDate "2022.12.28"]
[EventType "swiss"]
[EventRounds "10"]
[EventCountry "ENG"]

1. e4 g6 2. d4 Bg7 3. Nc3 d6 4. f4 c6 5. Nf3 Nf6 6. Be2 O-O 7. e5 dxe5 8. fxe5
Nd5 9. Nxd5 cxd5 10. h4 f6 11. h5 fxe5 12. hxg6 hxg6 13. Nxe5 Bxe5 14. dxe5
Qa5+ 15. c3 Nc6 16. b4 Qb6 17. Qxd5+ e6 18. Qe4 Qf2+ 19. Kd1 Rd8+ 20. Bd2 Ne7
21. Rf1 Qg3 22. Rf3 Qh2 23. Kc2 Bd7 24. Qf4 Qxf4 25. Rxf4 Ba4+ 26. Kc1 Bc6 27.
Rg4 Rf8 28. Be3 b6 29. Kb2 Kg7 30. Rh1 Rh8 31. Rxh8 Rxh8 32. Bg5 Re8 33. Bf6+
Kf7 34. Bxe7 Rxe7 35. Bd3 Rd7 36. Bxg6+ Kf8 37. Kb3 Rd2 38. g3 b5 39. Be4 Be8
40. Rf4+ Ke7 41. a3 Kd7 42. c4 bxc4+ 43. Kxc4 Ra2 44. Rf3 Kc7 45. g4 a6 46. Rg3
Bb5+ 47. Kd4 Kd7 48. g5 Rd2+ 49. Kc3 Ra2 50. Kb3 Re2 51. g6 Rxe4 52. g7 Bc4+
53. Kc3 Bd5 54. g8=Q 1-0

[Event "Hastings Masters 2022/23"]
[Site "Hastings"]
[Date "2022.12.30"]
[Round "3.40"]
[White "Liu, Tianyi (Jack)"]
[Black "Gamal, Alaa"]
[Result "1-0"]
[WhiteElo "1892"]
[BlackElo "1713"]
[PlyCount "67"]
[EventDate "2022.12.28"]
[EventType "swiss"]
[EventRounds "10"]
[EventCountry "ENG"]

1. e4 d5 2. exd5 Qxd5 3. Nc3 Qd6 4. d4 Nf6 5. Nf3 a6 6. Bc4 b5 7. Bb3 e6 8. O-O
Be7 9. Qe2 O-O 10. Ne4 Qb6 11. Nxf6+ Bxf6 12. c3 Bb7 13. Ng5 Qc6 14. f3 Bxg5
15. Bxg5 h6 16. Bh4 g5 17. Bg3 Nd7 18. Rad1 Nb6 19. Qe5 Rac8 20. Qf6 Nd7 21.
Qxh6 f6 22. d5 exd5 23. Bxd5+ Qxd5 24. Rxd5 Bxd5 25. f4 Rf7 26. fxg5 Rh7 27.
Qg6+ Rg7 28. Qf5 Bc4 29. Rd1 Nb6 30. gxf6 Rf8 31. b3 Be2 32. Qe6+ Kh7 33. fxg7
Kxg7 34. Be5+ 1-0

[Event "Hastings Masters 2022/23"]
[Site "Hastings"]
[Date "2022.12.30"]
[Round "3.41"]
[White "Byrn, Carsten"]
[Black "Winter, Kevin"]
[Result "1-0"]
[WhiteElo "1875"]
[BlackElo "1708"]
[PlyCount "135"]
[EventDate "2022.12.28"]
[EventType "swiss"]
[EventRounds "10"]
[EventCountry "ENG"]

1. d4 e6 2. c4 f5 3. Nf3 Nf6 4. g3 Be7 5. Bg2 d6 6. O-O O-O 7. Nc3 Qe8 8. Re1
Ne4 9. Qc2 Nxc3 10. bxc3 d5 11. cxd5 exd5 12. Ne5 c6 13. c4 Nd7 14. cxd5 Nxe5
15. dxe5 Bb4 16. Bd2 Bxd2 17. Qxd2 cxd5 18. Bxd5+ Be6 19. f4 Rd8 20. Bxe6+ Qxe6
21. Qe3 b6 22. Qb3 Kf7 23. Red1 Rxd1+ 24. Rxd1 Qxb3 25. axb3 Ke7 26. Kf2 Rc8
27. Rd3 Rc6 28. Ke3 a6 29. Kd2 Rh6 30. h4 Rg6 31. Kc3 Rc6+ 32. Kd4 Rc7 33. e4
g6 34. exf5 gxf5 35. Rc3 Rd7+ 36. Ke3 b5 37. Rc6 a5 38. Rh6 Ke8 39. Rb6 Rd5 40.
Ra6 b4 41. Rc6 Rd1 42. Rc5 Rb1 43. Rxa5 Rxb3+ 44. Kf2 Rb2+ 45. Kf3 Rb3+ 46. Kg2
Rb2+ 47. Kh3 Rb1 48. Ra8+ Kf7 49. Ra7+ Kg6 50. Rb7 b3 51. Rb6+ Kf7 52. h5 Rh1+
53. Kg2 Rb1 54. Rb7+ Kg8 55. h6 Re1 56. Rxb3 Kf7 57. Rb6 Re2+ 58. Kh3 Re1 59.
Rf6+ Ke7 60. Rxf5 Rh1+ 61. Kg4 Rxh6 62. Rh5 Rg6+ 63. Kf5 Rg7 64. g4 Kf7 65. Rg5
Kg8 66. Rxg7+ Kh8 67. Ra7 h5 68. Kg6 1-0

[Event "Hastings Masters 2022/23"]
[Site "Hastings"]
[Date "2022.12.30"]
[Round "3.42"]
[White "Damodaran, Patrick"]
[Black "Shepley, Julien M"]
[Result "1-0"]
[WhiteElo "1701"]
[BlackElo "1848"]
[PlyCount "83"]
[EventDate "2022.12.28"]
[EventType "swiss"]
[EventRounds "10"]
[EventCountry "ENG"]

1. e4 d5 2. exd5 Qxd5 3. Nc3 Qa5 4. d4 Nf6 5. Bd2 Bg4 6. Nf3 e6 7. Bc4 Bb4 8.
Qe2 O-O 9. Bb3 Nc6 10. Qe3 Rad8 11. Rg1 Kh8 12. O-O-O Bxf3 13. gxf3 Nxd4 14.
Rg5 Nf5 15. Qe2 Qb6 16. Qf1 Rg8 17. Qg2 h6 18. Rxf5 exf5 19. Bxf7 Rgf8 20. Qg6
Bxc3 21. Bxc3 Rxd1+ 22. Kxd1 Qxf2 23. Bxf6 Qxf3+ 24. Kd2 Qf2+ 25. Kd1 Qf1+ 26.
Kd2 Qf4+ 27. Kd3 Qd6+ 28. Bd4 Qxg6 29. Bxg6 b6 30. Ke3 c5 31. Bc3 Kg8 32. Kf4
a6 33. h4 b5 34. h5 Rd8 35. Bxf5 Kf7 36. Bg6+ Kf8 37. Be4 Rd7 38. b3 Kf7 39.
Bg6+ Kf8 40. Kf5 Rd1 41. Ke6 c4 42. Bf7 1-0

[Event "Hastings Masters 2022/23"]
[Site "Hastings"]
[Date "2022.12.30"]
[Round "3.43"]
[White "Kumar, Soham"]
[Black "Westcott, Dale"]
[Result "1-0"]
[WhiteElo "1844"]
[BlackElo "1610"]
[PlyCount "65"]
[EventDate "2022.12.28"]
[EventType "swiss"]
[EventRounds "10"]
[EventCountry "ENG"]

1. e4 e5 2. Nf3 Nc6 3. Bb5 Nf6 4. O-O Nxe4 5. d4 Nd6 6. Bxc6 dxc6 7. Nxe5 Be7
8. Bf4 Be6 9. Nc3 Bg5 10. Bxg5 Qxg5 11. f4 Qf6 12. d5 cxd5 13. Nxd5 Bxd5 14.
Qxd5 O-O-O 15. Qc5 Kb8 16. Rad1 Ne4 17. Qe3 Nd6 18. Rfe1 Nf5 19. Qc5 Nd6 20.
Qb4 Kc8 21. Qa4 a6 22. Rd5 Qe6 23. Ra5 f6 24. Rxa6 c6 25. Rxc6+ Kb8 26. Qa5
fxe5 27. Qc7+ Ka8 28. Rxe5 Qxe5 29. fxe5 bxc6 30. exd6 Rhf8 31. Qxc6+ Kb8 32.
c4 Rde8 33. h3 1-0

[Event "Hastings Masters 2022/23"]
[Site "Hastings"]
[Date "2022.12.30"]
[Round "3.44"]
[White "Kelly, Paul J"]
[Black "Bryant, Harry"]
[Result "1-0"]
[WhiteElo "1842"]
[BlackElo "1510"]
[PlyCount "65"]
[EventDate "2022.12.28"]
[EventType "swiss"]
[EventRounds "10"]
[EventCountry "ENG"]

1. e4 c5 2. a3 g6 3. h4 Nc6 4. h5 Bg7 5. Bc4 e6 6. Nc3 Nge7 7. h6 Bf6 8. Qf3
Bxc3 9. bxc3 Qc7 10. d3 Qe5 11. Ne2 f5 12. Bf4 Qf6 13. Qg3 d5 14. e5 Qf7 15.
Bb5 a6 16. Bxc6+ Nxc6 17. Bg5 b5 18. Bf6 Rg8 19. f4 b4 20. cxb4 cxb4 21. O-O
Qa7+ 22. Kh2 Nd4 23. Nxd4 Qxd4 24. axb4 Qxb4 25. Rfb1 Qc3 26. Ra2 Bd7 27. Qg5
a5 28. Be7 Qc8 29. Rb3 a4 30. Rc3 Bc6 31. Bd6 Ra7 32. Rxa4 Rf7 33. Rb4 1-0

[Event "Hastings Masters 2022/23"]
[Site "Hastings"]
[Date "2022.12.30"]
[Round "3.45"]
[White "Jerome, Stellio"]
[Black "Faulks, Nick"]
[Result "1-0"]
[WhiteElo "1501"]
[BlackElo "1802"]
[PlyCount "57"]
[EventDate "2022.12.28"]
[EventType "swiss"]
[EventRounds "10"]
[EventCountry "ENG"]

1. g4 d5 2. h3 c5 3. Bg2 Nc6 4. c4 d4 5. d3 e5 6. Nf3 Bd6 7. Nbd2 Qe7 8. Ne4
Bc7 9. Bd2 h6 10. Ng3 Bd7 11. Qc2 g6 12. g5 hxg5 13. Nxg5 f5 14. Bd5 Nf6 15.
Bf7+ Kf8 16. Bxg6 f4 17. Nf5 Bxf5 18. Bxf5 Nd8 19. O-O-O Ne8 20. Rdg1 Nd6 21.
Be4 Rh5 22. h4 Nxe4 23. Nxe4 Rxh4 24. f3 Ne6 25. Qd1 Rxh1 26. Rxh1 Qg7 27. Qf1
Ke7 28. Be1 Rg8 29. Bh4+ 1-0

[Event "Hastings Masters 2022/23"]
[Site "Hastings"]
[Date "2022.12.30"]
[Round "3.46"]
[White "Butt, Laurence"]
[Black "Dhanuka Aman"]
[Result "1/2-1/2"]
[WhiteElo "1740"]
[BlackElo "1194"]
[PlyCount "32"]
[EventDate "2022.12.28"]
[EventType "swiss"]
[EventRounds "10"]
[EventCountry "ENG"]

1. d4 Nf6 2. Bg5 d5 3. Nc3 Bf5 4. Qd2 e6 5. e3 Be7 6. Bd3 Ne4 7. Bxe7 Qxe7 8.
Bxe4 Bxe4 9. f3 Bg6 10. O-O-O c6 11. Nge2 Nd7 12. Nf4 O-O-O 13. Nxg6 hxg6 14.
e4 Nb6 15. Ne2 Nc4 16. Qd3 Qg5+ 1/2-1/2

[Event "Hastings Masters 2022/23"]
[Site "Hastings"]
[Date "2022.12.31"]
[Round "4.1"]
[White "Murphy, Conor E"]
[Black "Sulskis, Sarunas"]
[Result "0-1"]
[WhiteElo "2422"]
[BlackElo "2492"]
[PlyCount "176"]
[EventDate "2022.12.28"]
[EventType "swiss"]
[EventRounds "10"]
[EventCountry "ENG"]

1. e4 e6 2. d4 d5 3. Nc3 Bb4 4. exd5 exd5 5. Bd3 Nc6 6. a3 Bxc3+ 7. bxc3 Nf6 8.
Rb1 O-O 9. Ne2 Na5 10. O-O Nc4 11. Ng3 a5 12. Qf3 Ra6 13. Re1 Rc6 14. a4 b6 15.
h3 h6 16. Bf4 Nh7 17. Nh5 Rg6 18. Kh2 Ng5 19. Qe2 Re6 20. Qf1 Nf3+ 21. gxf3 Qh4
22. Qg2 Qxh5 23. Qg4 Qxg4 24. fxg4 Rf6 25. Kg3 g5 26. Bxc7 Rc6 27. Re7 Be6 28.
Bxc4 Rxc4 29. Bxb6 Rxa4 30. Ra7 Ra2 31. Bxa5 Rxc2 32. Bb4 Rc8 33. Re1 Rd2 34.
Re3 Rd1 35. Kg2 Rc1 36. Kh2 Rf1 37. Kg2 Rc1 38. f3 Rc6 39. Kg3 Rg1+ 40. Kf2 Rh1
41. Kg2 Rc1 42. Re5 Kg7 43. h4 gxh4 44. Rh5 Rc2+ 45. Kh3 Rf2 46. Rxh4 Rxf3+ 47.
Kg2 Rd3 48. Ba5 Bc8 49. Rc7 Re6 50. Rxc8 Re2+ 51. Kf1 Ra2 52. Re8 Rxa5 53. Rh5
Rxc3 54. g5 hxg5 55. Rxg5+ Kf6 56. Ree5 Rc2 57. Rgf5+ Kg7 58. Rg5+ Kf8 59. Re2
Rc1+ 60. Kf2 Rd1 61. Ke3 Ra3+ 62. Kf4 Rf1+ 63. Kg4 Rg1+ 64. Kf4 Rxg5 65. Kxg5
Rd3 66. Kf6 Rxd4 67. Ra2 Re4 68. Ra8+ Re8 69. Ra7 Re6+ 70. Kf5 Re7 71. Ra8+ Re8
72. Ra7 Rd8 73. Kf6 Kg8 74. Ke7 Rb8 75. Ra4 Rb6 76. Rg4+ Rg6 77. Rd4 Re6+ 78.
Kd7 Re4 79. Rxd5 Kg7 80. Kd6 Kg6 81. Rd1 f5 82. Rg1+ Kf6 83. Kd5 Rg4 84. Re1
Ra4 85. Rg1 f4 86. Rg8 Kf5 87. Rf8+ Kg4 88. Ke5 f3 0-1

[Event "Hastings Masters 2022/23"]
[Site "Hastings"]
[Date "2022.12.31"]
[Round "4.2"]
[White "Cherniaev, Alexander"]
[Black "Clarke, Brandon G I"]
[Result "0-1"]
[WhiteElo "2374"]
[BlackElo "2484"]
[PlyCount "54"]
[EventDate "2022.12.28"]
[EventType "swiss"]
[EventRounds "10"]
[EventCountry "ENG"]

1. e4 c5 2. c3 Nf6 3. e5 Nd5 4. d4 cxd4 5. cxd4 d6 6. Nf3 Nc6 7. Bc4 e6 8. O-O
Be7 9. Qe2 O-O 10. Rd1 Na5 11. b3 Nxc4 12. bxc4 Nb4 13. Nc3 d5 14. a3 Nc6 15.
Be3 Na5 16. c5 b6 17. Rab1 Nc4 18. Nb5 Ba6 19. Rd3 bxc5 20. dxc5 Rb8 21. Rdb3
Qd7 22. a4 Rfc8 23. c6 Rxc6 24. Nxa7 Rxb3 25. Rxb3 Nxe3 26. Rb8+ Bf8 27. Qxe3
Qxa7 0-1

[Event "Hastings Masters 2022/23"]
[Site "Hastings"]
[Date "2022.12.31"]
[Round "4.3"]
[White "Korneev, Oleg"]
[Black "Golding, Alex"]
[Result "1-0"]
[WhiteElo "2481"]
[BlackElo "2318"]
[PlyCount "113"]
[EventDate "2022.12.28"]
[EventType "swiss"]
[EventRounds "10"]
[EventCountry "ENG"]

1. e4 e6 2. d4 d5 3. Nc3 dxe4 4. Nxe4 Nf6 5. Nxf6+ gxf6 6. Nf3 Nc6 7. c3 Bg7 8.
Be3 e5 9. Bb5 O-O 10. O-O Bg4 11. Be2 Re8 12. Re1 e4 13. Nh4 Be6 14. Bb5 a6 15.
Ba4 b5 16. Bc2 f5 17. Qh5 Ne7 18. f3 Qd5 19. Bg5 exf3 20. Qxf3 Qxf3 21. gxf3 h6
22. Bxe7 Rxe7 23. Bxf5 Bf6 24. Ng6 fxg6 25. Bxe6+ Kg7 26. Bd5 Rd8 27. Rxe7+
Bxe7 28. Re1 Bf6 29. Bb7 a5 30. Re6 Rd6 31. Re8 Rd8 32. Rxd8 Bxd8 33. Kf2 Bg5
34. Ke2 Kf6 35. Bc6 b4 36. cxb4 axb4 37. a4 bxa3 38. bxa3 Ke7 39. a4 Kd8 40. a5
Kc8 41. Be4 Bf6 42. Bxg6 Bxd4 43. Be8 Kb7 44. Bb5 c6 45. Bc4 Kc7 46. Kd3 Bg1
47. h3 h5 48. Ke4 h4 49. f4 Kd6 50. a6 Ke7 51. Kf5 Bf2 52. Kg6 Bg1 53. f5 Bd4
54. f6+ Kf8 55. Kf5 Bc5 56. Ke6 Ke8 57. f7+ 1-0

[Event "Hastings Masters 2022/23"]
[Site "Hastings"]
[Date "2022.12.31"]
[Round "4.4"]
[White "Edouard, Romain"]
[Black "Grieve, Harry"]
[Result "0-1"]
[WhiteElo "2537"]
[BlackElo "2438"]
[PlyCount "106"]
[EventDate "2022.12.28"]
[EventType "swiss"]
[EventRounds "10"]
[EventCountry "ENG"]

1. d4 d5 2. c4 e6 3. Nf3 Nf6 4. Nc3 c5 5. cxd5 Nxd5 6. e4 Nxc3 7. bxc3 cxd4 8.
cxd4 Bb4+ 9. Bd2 Bxd2+ 10. Qxd2 O-O 11. Bc4 Nd7 12. O-O b6 13. Rad1 Bb7 14.
Rfe1 Rc8 15. Bb3 Re8 16. h3 Qf6 17. Re3 Qf4 18. Qe2 Nf6 19. Nd2 h6 20. e5 Nd5
21. Bxd5 Bxd5 22. Ne4 Bxe4 23. Rxe4 Qf5 24. Rd3 Rc2 25. Qe3 Rec8 26. Rf4 Qh5
27. Rg4 Rxa2 28. Qg3 Rc1+ 29. Kh2 Raa1 30. Rxg7+ Kf8 31. Rg8+ Ke7 32. Qg4 Qxg4
33. hxg4 Rd1 34. Rf3 Rxd4 35. Rg7 Kd7 36. Rfxf7+ Kc6 37. Rf6 Kd5 38. f4 Ke4 39.
g5 h5 40. Rc7 Rd2 41. Rc3 h4 42. g6 Raa2 43. Kh3 Rxg2 44. Kxh4 Ra1 45. Rh3 Rf1
46. Rg3 Rh1+ 47. Kg4 Rxg3+ 48. Kxg3 Rg1+ 49. Kh4 b5 50. Kh5 b4 51. Rf7 b3 52.
Rb7 b2 53. f5 Kxf5 0-1

[Event "Hastings Masters 2022/23"]
[Site "Hastings"]
[Date "2022.12.31"]
[Round "4.5"]
[White "Muir, Andrew J"]
[Black "Petrov, Martin"]
[Result "1/2-1/2"]
[WhiteElo "2244"]
[BlackElo "2535"]
[PlyCount "117"]
[EventDate "2022.12.28"]
[EventType "swiss"]
[EventRounds "10"]
[EventCountry "ENG"]

1. d4 Nf6 2. c4 e6 3. Nc3 Bb4 4. e3 O-O 5. Bd3 d5 6. Nf3 b6 7. O-O Bb7 8. cxd5
exd5 9. a3 Bd6 10. b4 Re8 11. b5 c5 12. bxc6 Nxc6 13. a4 Rc8 14. Ba3 Bb8 15.
Bf5 Nd7 16. Nxd5 Na5 17. e4 Bxd5 18. exd5 g6 19. Bd3 Nc4 20. Bxc4 Rxc4 21. Qb3
Rc8 22. d6 Qf6 23. Qd5 Rcd8 24. Rfe1 Rxe1+ 25. Rxe1 Nf8 26. Ng5 Qf5 27. Qe5 f6
28. Qxf5 gxf5 29. Ne6 Re8 30. d5 Kf7 31. Kf1 Nd7 32. Rc1 a6 33. Rc3 h5 34. Rg3
Rg8 35. Rxg8 Kxg8 36. Nd4 Kf7 37. Nxf5 Ne5 38. f4 Nc4 39. d7 Bc7 40. Be7 Ne3+
41. Ke2 Nxf5 42. d8=Q Bxd8 43. Bxd8 b5 44. axb5 axb5 45. Kd3 b4 46. Ba5 b3 47.
Bc3 Nd6 48. Bb2 Nc8 49. Bd4 Ne7 50. d6 Nf5 51. d7 Ke7 52. Bxf6+ Kxd7 53. Be5
Ke6 54. Kc3 Ne3 55. Kxb3 Nxg2 56. Kc3 Kf5 57. Kd3 Nxf4+ 58. Bxf4 Kxf4 59. Ke2
1/2-1/2

[Event "Hastings Masters 2022/23"]
[Site "Hastings"]
[Date "2022.12.31"]
[Round "4.6"]
[White "Nagy, Gabor"]
[Black "Han, Yichen"]
[Result "1-0"]
[WhiteElo "2488"]
[BlackElo "2423"]
[PlyCount "133"]
[EventDate "2022.12.28"]
[EventType "swiss"]
[EventRounds "10"]
[EventCountry "ENG"]

1. Nf3 d5 2. g3 Bg4 3. Bg2 c6 4. O-O Nd7 5. h3 Bh5 6. d4 Ngf6 7. c4 e6 8. cxd5
cxd5 9. Nc3 Bd6 10. Qb3 Qb6 11. Qxb6 Nxb6 12. Ne5 O-O 13. Bf4 Rfd8 14. Rfc1 a6
15. a4 Ne8 16. a5 Nd7 17. e4 Bxe5 18. Bxe5 Nxe5 19. dxe5 d4 20. Na4 Be2 21. Nb6
Rab8 22. Bf1 d3 23. Bxe2 dxe2 24. Kg2 Rd3 25. Re1 Rd2 26. Kf3 Rbd8 27. Rxe2
R8d3+ 28. Re3 Rxe3+ 29. Kxe3 Rxb2 30. Rd1 Rb3+ 31. Rd3 Rb5 32. Rd8 Kf8 33. Rb8
Rb3+ 34. Kd4 f6 35. f4 Rb1 36. Rxb7 Rb4+ 37. Kd3 Rb3+ 38. Kc4 Rxg3 39. Nd7+ Kg8
40. Nc5 Re3 41. Re7 Kf8 42. Ra7 Kg8 43. h4 fxe5 44. fxe5 Rh3 45. Nxe6 Rxh4 46.
Re7 Rh1 47. Kd5 Rd1+ 48. Kc6 h5 49. Kb6 Rc1 50. Nf4 g5 51. Nxh5 Kf8 52. Rh7 g4
53. e6 Rf1 54. Kxa6 Nd6 55. e7+ Ke8 56. Ng7+ Kxe7 57. Nf5+ Ke6 58. Rh6+ Ke5 59.
Nxd6 g3 60. Rg6 Rf6 61. Rxg3 Rxd6+ 62. Kb7 Kxe4 63. a6 Rd7+ 64. Kc6 Rh7 65. Ra3
Rh6+ 66. Kc5 Rh5+ 67. Kc4 1-0